| 000 | 00887nam a2200277 i 4500 | ||
|---|---|---|---|
| 001 | bg | ||
| 100 | 1 | _aURBAN, Stanisław | |
| 245 | 1 | 0 |
_aZorganizowane rynki towarowe : _bgiełdy towarowe, aukcje, centra handlu hurtowego, targi i wystawy / _cStanisław Urban, Anna Olszańska. |
| 260 |
_aWrocław : _bWydaw. Akademii Ekonomicznej im. Oskara Langego, _c1998. |
||
| 300 |
_a124 s. ; _c24 cm. |
||
| 504 | _aBibliogr. s. 123-124. | ||
| 650 | 9 | _aAukcja | |
| 650 | 9 | _aGiełda towarowa | |
| 650 | 9 |
_aGiełda towarowa _zPolska _yod 1989 r. |
|
| 650 | 9 | _aHandel hurtowy | |
| 650 | 9 |
_aHandel hurtowy _zPolska _yod 1989 r. |
|
| 650 | 9 | _aTargi i wystawy | |
| 700 | 1 | _aOLSZAŃSKA, Anna | |
| 020 | _a8370113230 | ||
| 040 | _cBPK | ||
| 041 | 0 | _apl | |
| 080 | _a339.172/.174:339.3](438)"1989/..." | ||
| 920 | _a83-7011-323-0 | ||
| 942 | _cKS | ||
| 008 | s pl f |000 0 pol | ||
| 999 |
_c33913 _d33913 |
||
| 856 |
_uhttp://koha.tu.koszalin.pl/cgi-bin/koha/opac-detail.pl?biblionumber=33913 _yKatalog online BPK |
||